| 000 | 00475nam a2200181Ia 4500 | ||
|---|---|---|---|
| 001 | 8020 | ||
| 005 | 20260306160538.0 | ||
| 008 | 260306t2018||||xx |||||||||||||| ||spa|| | ||
| 041 | _aESP | ||
| 082 |
_a370.1 _bB35 |
||
| 100 |
_aBedoya Madrid, José Iván _eAUT |
||
| 245 | 0 |
_aEpistemología y pedagogía: _bparadigmas de la pedagogía en la educación |
|
| 260 | _c2018 | ||
| 300 |
_a208 páginas : _c24 cm. |
||
| 650 | _aGEN | ||
| 654 | _aCED | ||
| 942 |
_cLIB _dJUS _fJUS _2ddc _n |
||
| 999 |
_c8020 _d8020 |
||